| 000 | 00537nam a2200157 i 4500 | ||
|---|---|---|---|
| 001 | 85305 | ||
| 003 | ES-MaACL | ||
| 005 | 20230906175222.0 | ||
| 007 | t| | ||
| 008 | 041126s1979 sp ||||1| spa d | ||
| 100 | 1 |
_aJordán Galduf, Josep María. _966922 |
|
| 245 | 1 | 3 |
_aLa política económica como economía política _b: economía social de mercado, socialdemocracia y socialismo / _cJosep Mª Jordán Galduf. |
| 260 |
_a[Valencia] : _bFernando Torres, _c[1979] |
||
| 300 |
_a174 p. ; _c21 cm. |
||
| 852 |
_aES-MaACL _jA-10375 _bR.99340 |
||
| 999 |
_c85305 _d85305 |
||